[Event "Muensterland Verbandsklasse playof 9-11"]
[Site "Germany"]
[Date "2023.04.22"]
[Round "1.4"]
[White "Pfeiffer, Erich"]
[Black "Buchner, Ralf"]
[Result "1/2-1/2"]
[WhiteElo "1590"]
[BlackElo "1615"]
[PlyCount "29"]
[EventDate "2022.04.22"]
[EventType "team-match"]
[EventRounds "2"]
[EventCountry "GER"]
[SourceTitle "EXT 2024"]
[Source "ChessBase"]
[SourceDate "2023.10.10"]
[SourceVersion "1"]
[SourceVersionDate "2023.10.10"]
[SourceQuality "1"]
[WhiteTeam "Emsdetten Rochade III"]
[BlackTeam "Heiden II"]
[WhiteTeamCountry "GER"]
[BlackTeamCountry "GER"]

1. Nc3 Nf6 2. d4 d6 3. Bg5 g6 4. Bxf6 exf6 5. Nf3 Bg7 6. e4 0-0 7. Be2 Nc6 8. 0-0 f5 9. Qd2 fxe4 10. Nxe4 Bd7 11. c3 Qe7 12. Ng3 Rae8 13. Rfe1 Qd8 14. a3 Qc8 15. Bb5 1/2-1/2

[Event "Muensterland Verbandsklasse playoff"]
[Site "Germany"]
[Date "2022.04.02"]
[Round "1.3"]
[White "Buchner, Ralf"]
[Black "Niewerth, Gerd"]
[Result "0-1"]
[WhiteElo "1684"]
[BlackElo "1780"]
[PlyCount "88"]
[EventDate "2022.04.02"]
[EventType "team-tourn"]
[EventRounds "5"]
[EventCountry "GER"]
[SourceTitle "EXT 2023"]
[Source "ChessBase"]
[SourceDate "2022.10.05"]
[SourceVersion "1"]
[SourceVersionDate "2022.10.05"]
[SourceQuality "1"]
[WhiteTeam "Heiden II"]
[BlackTeam "Heiden"]
[WhiteTeamCountry "GER"]
[BlackTeamCountry "GER"]

1. d4 Nf6 2. Nc3 d5 3. Nf3 Bf5 4. Bf4 e6 5. a3 a6 6. e3 c5 7. dxc5 Bxc5 8. Bd3 Bg4 9. h3 Bh5 10. g4 Bg6 11. Bxg6 hxg6 12. Nd4 Nbd7 13. Nb3 Be7 14. Qe2 Rc8 15. Bg3 b5 16. f3 Nb6 17. Nd2 Nc4 18. Nxc4 Rxc4 19. Nd1 Bd6 20. Bxd6 Qxd6 21. Kf2 0-0 22. Kg2 Rfc8 23. c3 e5 24. Nf2 e4 25. f4 a5 26. Rhd1 b4 27. axb4 axb4 28. cxb4 Qxb4 29. Qd2 Qb6 30. Rac1 Qb3 31. Rxc4 Rxc4 32. Rc1 Rxc1 33. Qxc1 d4 34. Nd1 d3 35. Qa1 Nd5 36. Kg3 Kh7 37. f5 Qc2 38. fxg6+ fxg6 39. Nf2 Qe2 40. Qg1 Qxe3+ 41. Kh2 Qe2 42. Qg3 Nf6 43. b4 e3 44. Kg2 d2 0-1

[Event "Muensterland Verbandsklasse 1920"]
[Site "Germany"]
[Date "2020.02.29"]
[Round "7.3"]
[White "Buchner, Ralf"]
[Black "Schwietering, Ralf"]
[Result "0-1"]
[WhiteElo "1669"]
[BlackElo "1817"]
[PlyCount "106"]
[EventDate "2019.09.14"]
[EventType "team-tourn"]
[EventRounds "7"]
[EventCountry "GER"]
[SourceTitle "EXT 2023"]
[Source "ChessBase"]
[SourceDate "2022.10.05"]
[SourceVersion "1"]
[SourceVersionDate "2022.10.05"]
[SourceQuality "1"]
[WhiteTeam "Heiden II"]
[BlackTeam "Ochtrup"]
[WhiteTeamCountry "GER"]
[BlackTeamCountry "GER"]

1. d4 d5 2. Nf3 Bf5 3. b3 h6 4. e3 Nf6 5. Bd3 Ne4 6. 0-0 e6 7. Bb2 Be7 8. Nbd2 Nd7 9. Rc1 0-0 10. Qe2 Ndf6 11. h3 a5 12. a4 Bh7 13. c4 c6 14. cxd5 exd5 15. Bc2 Kh8 16. Nxe4 Nxe4 17. Ne5 Bb4 18. Bxe4 Bxe4 19. Nd3 Bd6 20. Nc5 Qe7 21. Nxe4 Qxe4 22. Qc2 Qe6 23. Bc3 f5 24. Qd2 Bc7 25. f4 Rfe8 26. Rf3 Qf6 27. Qf2 Re4 28. Bd2 Qe7 29. Ra1 Bb6 30. Qg3 Qf6 31. Rc1 Qf7 32. Bc3 Rae8 33. Rd1 Qe7 34. Bb2 Rxe3 35. Rd3 Rxf3 36. Qxf3 Qe2 37. Qxe2 Rxe2 38. Bc3 Re4 39. g3 g6 40. Kg2 Kg7 41. Kf3 h5 42. h4 Kf7 43. Kf2 Ke6 44. Re3 c5 45. Rxe4+ dxe4 46. dxc5 Bxc5+ 47. Ke2 b6 48. Be1 Kd5 49. Kd1 Kc6 50. Kc2 Bb4 51. Bf2 e3 52. Bxe3 Be1 53. Kd3 Bxg3 0-1

[Event "Muensterland Verbandsklasse 1920"]
[Site "Germany"]
[Date "2019.09.14"]
[Round "1.2"]
[White "Berger, Alfred Josef"]
[Black "Buchner, Ralf"]
[Result "1-0"]
[WhiteElo "1869"]
[BlackElo "1684"]
[PlyCount "59"]
[EventDate "2019.09.14"]
[EventType "team-tourn"]
[EventRounds "7"]
[EventCountry "GER"]
[SourceTitle "EXT 2023"]
[Source "ChessBase"]
[SourceDate "2022.10.05"]
[SourceVersion "1"]
[SourceVersionDate "2022.10.05"]
[SourceQuality "1"]
[WhiteTeam "Heiden"]
[BlackTeam "Heiden II"]
[WhiteTeamCountry "GER"]
[BlackTeamCountry "GER"]

1. Nf3 g6 2. c4 Bg7 3. e4 d6 4. d4 Nc6 5. d5 Ne5 6. Nxe5 Bxe5 7. Nc3 c5 8. Be3 Nf6 9. f3 Nh5 10. Qd2 Ng7 11. Bd3 0-0 12. g4 e6 13. 0-0-0 Qa5 14. h4 Bxc3 15. Qxc3 Qxc3+ 16. bxc3 exd5 17. cxd5 Bd7 18. h5 b5 19. Bf4 Ne8 20. Bh6 Ng7 21. Bf4 Ne8 22. Bg5 f6 23. Bh6 Ng7 24. hxg6 hxg6 25. Bf4 c4 26. Be2 Ne8 27. Rh6 g5 28. Bg3 Rf7 29. Rdh1 Kf8 30. Bxd6+ 1-0

[Event "Muensterland Verbandsliga 1819"]
[Site "Germany"]
[Date "2018.12.15"]
[Round "5.8"]
[White "Dieckmann, Werner"]
[Black "Buchner, Ralf"]
[Result "1/2-1/2"]
[WhiteElo "1769"]
[BlackElo "1681"]
[PlyCount "44"]
[EventDate "2018.09.01"]
[EventType "team-tourn"]
[EventRounds "9"]
[EventCountry "GER"]
[SourceTitle "EXT 2020"]
[Source "ChessBase"]
[SourceDate "2019.10.17"]
[SourceVersion "1"]
[SourceVersionDate "2019.10.17"]
[SourceQuality "1"]
[WhiteTeam "Telgte"]
[BlackTeam "Heiden"]
[WhiteTeamCountry "GER"]
[BlackTeamCountry "GER"]

1. d4 g6 2. Nf3 Bg7 3. e4 d6 4. Bg5 c5 5. c3 cxd4 6. Nxd4 Nf6 7. f3 0-0 8. Nd2 Bd7 9. Qb3 Nc6 10. Be2 Nxd4 11. cxd4 Nh5 12. Be3 a5 13. a4 e6 14. 0-0 Bc6 15. Rac1 Qd7 16. Ra1 d5 17. e5 Bh8 18. Nb1 Ng7 19. Nc3 Nf5 20. Bf2 Rfb8 21. Rac1 Bg7 22. Nb5 Bh6 1/2-1/2

[Event "Muensterland Verbandsliga 1819"]
[Site "Germany"]
[Date "2018.09.22"]
[Round "2.7"]
[White "Buchner, Ralf"]
[Black "Fartmann, Franz Josef"]
[Result "1/2-1/2"]
[WhiteElo "1681"]
[BlackElo "1782"]
[PlyCount "49"]
[EventDate "2018.09.01"]
[EventType "team-tourn"]
[EventRounds "9"]
[EventCountry "GER"]
[SourceTitle "EXT 2020"]
[Source "ChessBase"]
[SourceDate "2019.10.17"]
[SourceVersion "1"]
[SourceVersionDate "2019.10.17"]
[SourceQuality "1"]
[WhiteTeam "Heiden"]
[BlackTeam "Beelen"]
[WhiteTeamCountry "GER"]
[BlackTeamCountry "GER"]

1. Nf3 c5 2. c4 d6 3. Nc3 g6 4. g3 Bg7 5. Bg2 Nc6 6. 0-0 a6 7. d3 e6 8. Bg5 Nge7 9. Qd2 h6 10. Be3 Nf5 11. Rad1 e5 12. Ne1 0-0 13. Nc2 Rb8 14. Nd5 Nce7 15. b3 Kh7 16. b4 Nxd5 17. Bxd5 Qc7 18. bxc5 dxc5 19. f4 Nxe3 20. Qxe3 Bh3 21. Rf2 Rbe8 22. Qf3 h5 23. f5 Bxf5 24. Ne3 Be6 25. Bxb7 1/2-1/2

[Event "Muensterland Verbandsliga 1415"]
[Site "Germany"]
[Date "2014.11.08"]
[Round "3.8"]
[White "Buchner, Ralf"]
[Black "Janocha, Hans Dieter"]
[Result "1-0"]
[WhiteElo "1665"]
[BlackElo "1586"]
[PlyCount "53"]
[EventDate "2014.09.06"]
[EventType "team-tourn"]
[EventRounds "9"]
[EventCountry "GER"]
[SourceTitle "EXT 2016"]
[Source "ChessBase"]
[SourceDate "2015.10.08"]
[SourceVersion "1"]
[SourceVersionDate "2015.10.08"]
[SourceQuality "1"]
[WhiteTeam "Heiden"]
[BlackTeam "Muenster Indische Dame"]
[WhiteTeamCountry "GER"]
[BlackTeamCountry "GER"]

1. d4 Nf6 2. Nf3 b6 3. c4 Bb7 4. Nc3 g6 5. Bf4 Bg7 6. Qc2 0-0 7. e4 d6 8. Be2 Na6 9. a3 c5 10. d5 Nd7 11. h4 h5 12. Ng5 Nf6 13. 0-0-0 Nc7 14. e5 dxe5 15. Bxe5 Nfe8 16. Bxg7 Nxg7 17. Bd3 Qd6 18. g3 Qd7 19. Rhf1 Nce8 20. f4 Nf6 21. Nce4 Ng4 22. Rde1 Nf5 23. Qc3 Nd4 24. Nf3 Nf5 25. Ne5 Nxe5 26. fxe5 Bc8 27. Ng5 1-0

[Event "Muensterland Verbandsliga 1314"]
[Site "Germany"]
[Date "2013.12.07"]
[Round "4.8"]
[White "Buchner, Ralf"]
[Black "Hoffmann, Fabian"]
[Result "0-1"]
[WhiteElo "1693"]
[BlackElo "1742"]
[PlyCount "70"]
[EventDate "2013.09.07"]
[EventType "team-tourn"]
[EventRounds "9"]
[EventCountry "GER"]
[SourceTitle "EXT 2015"]
[Source "ChessBase"]
[SourceDate "2014.11.20"]
[SourceVersion "1"]
[SourceVersionDate "2014.11.20"]
[SourceQuality "1"]
[WhiteTeam "Heiden"]
[BlackTeam "Raesfeld Erle"]
[WhiteTeamCountry "GER"]
[BlackTeamCountry "GER"]

1. d4 d5 2. Nf3 e6 3. c4 Nf6 4. Nc3 Be7 5. cxd5 exd5 6. Bg5 0-0 7. e3 c6 8. Bd3 Ne4 9. Bxe4 Bxg5 10. Nxg5 Qxg5 11. h4 Qf6 12. Bd3 Re8 13. Qh5 g6 14. Qg5 Qxd4 15. 0-0-0 Qe5 16. Qh6 Bf5 17. h5 Bxd3 18. Rxd3 g5 19. f4 gxf4 20. Rh4 Nd7 21. Rxf4 Nc5 22. Rd2 Re6 23. Rg4+ Kh8 24. Qf4 Qxh5 25. Rg5 Qh6 26. Qd4+ Qf6 27. Qh4 Rae8 28. Kc2 a5 29. Rf2 Qe7 30. Qd4+ f6 31. Rgf5 Nd7 32. g4 Qg7 33. Qf4 Rg8 34. Rh5 Ne5 35. Rxh7+ Qxh7+ 0-1

[Event "Muensterland Verbandsklasse-B 1213"]
[Site "Germany"]
[Date "2013.01.26"]
[Round "5.8"]
[White "Buchner, Ralf"]
[Black "Thomas, Benedikt"]
[Result "1-0"]
[WhiteElo "1621"]
[BlackElo "1373"]
[PlyCount "81"]
[EventDate "2012.09.15"]
[EventType "team-tourn"]
[EventRounds "9"]
[EventCountry "GER"]
[SourceTitle "EXT 2015"]
[Source "ChessBase"]
[SourceDate "2014.11.20"]
[SourceVersion "1"]
[SourceVersionDate "2014.11.20"]
[SourceQuality "1"]
[WhiteTeam "Heiden II"]
[BlackTeam "Rheine Klein Berlin II"]
[WhiteTeamCountry "GER"]
[BlackTeamCountry "GER"]

1. d4 d5 2. Nf3 Nc6 3. c4 Bg4 4. e3 e5 5. Be2 Bxf3 6. Bxf3 Bb4+ 7. Bd2 Bxd2+ 8. Nxd2 e4 9. Be2 Nf6 10. Qb3 Rb8 11. cxd5 Nxd5 12. Bc4 Nce7 13. Nxe4 0-0 14. Rc1 Nb6 15. Bd3 c6 16. 0-0 h6 17. Bb1 g5 18. Qd3 Ng6 19. Nc5 Qe7 20. Qf5 Kg7 21. a4 Rbd8 22. a5 Nd5 23. g3 Rd6 24. Ba2 Nb4 25. Bb1 Rd5 26. Qg4 f5 27. Qd1 b6 28. axb6 axb6 29. Na4 Rb5 30. Rc4 f4 31. exf4 gxf4 32. Re1 Qf6 33. Qe2 fxg3 34. hxg3 h5 35. Nc3 Nh4 36. Qe7+ Qxe7 37. Rxe7+ Kf6 38. Re2 Rg5 39. Ne4+ Kg6 40. Nxg5+ Kxg5 41. gxh4+ 1-0